اثر ابتكارات التكنولوجيا المالية على ادارة المخاطر في المصارف الاسلامية الأردنية = The impact of Fintech Innovations on Risk Management in Jordanian islamic Banks / (Record no. 33557)
[ view plain ]
| 000 -LEADER | |
|---|---|
| fixed length control field | 01202nam a22002057a 4500 |
| 003 - CONTROL NUMBER IDENTIFIER | |
| control field | JO-AjAnu |
| 005 - DATE AND TIME OF LATEST TRANSACTION | |
| control field | 20240708090656.0 |
| 008 - FIXED-LENGTH DATA ELEMENTS--GENERAL INFORMATION | |
| fixed length control field | 240706b jo ||||| |||| 00| 0 ara d |
| 040 ## - CATALOGING SOURCE | |
| Transcribing agency | JO-AjAnu |
| 041 ## - LANGUAGE CODE | |
| Language code of text/sound track or separate title | ara |
| 100 #1 - MAIN ENTRY--PERSONAL NAME | |
| Personal name | عباس ، ابتهال رمضان |
| 9 (RLIN) | 66001 |
| Relator term | معد |
| 245 0# - TITLE STATEMENT | |
| Title | اثر ابتكارات التكنولوجيا المالية على ادارة المخاطر في المصارف الاسلامية الأردنية = The impact of Fintech Innovations on Risk Management in Jordanian islamic Banks / |
| Statement of responsibility, etc. | اعداد ابتهال رمضان عباس ؛ إشراف محمد عبد الكريم المومني؛ محمد طعمة القضاة |
| 260 ## - PUBLICATION, DISTRIBUTION, ETC. | |
| Date of publication, distribution, etc. | 2024 |
| 300 ## - PHYSICAL DESCRIPTION | |
| Extent | 131ورقة |
| 500 ## - GENERAL NOTE | |
| General note | رسالة جامعية (ماجستير) .- جامعة عجلون الوطنية (عجلون، الأردن)، كلية الأعمال ، تخصص االمصارف الاسلامية، 2024<br/> |
| 650 70 - SUBJECT ADDED ENTRY--TOPICAL TERM | |
| Topical term or geographic name entry element | البنوك الاسلامية - ادارة المخاطر |
| 9 (RLIN) | 66002 |
| 700 #1 - ADDED ENTRY--PERSONAL NAME | |
| Personal name | المومني، محمد عبدالكريم |
| 9 (RLIN) | 65206 |
| Relator term | مشرف رئيسيا |
| 700 #1 - ADDED ENTRY--PERSONAL NAME | |
| Personal name | القضاة ، محمد طعمة |
| 9 (RLIN) | 66003 |
| Relator term | مشرف مشاركا |
| 942 ## - ADDED ENTRY ELEMENTS (KOHA) | |
| Source of classification or shelving scheme | Library of Congress Classification |
| Koha item type | Thesis |
| Suppress in OPAC | No |
| Withdrawn status | Lost status | Source of classification or shelving scheme | Damaged status | Not for loan | Home library | Current library | Date acquired | Total Checkouts | Full call number | Barcode | Date last seen | Price effective from | Koha item type |
|---|---|---|---|---|---|---|---|---|---|---|---|---|---|
| Library of Congress Classification | مكتبة جامعة عجلون الوطنية | مكتبة جامعة عجلون الوطنية | 06/07/2024 | HG33668 2024 | A29947 | 06/07/2024 | 06/07/2024 | Thesis | |||||
| Library of Congress Classification | مكتبة جامعة عجلون الوطنية | مكتبة جامعة عجلون الوطنية | 06/07/2024 | HG33668 2024 | A29946 | 06/07/2024 | 06/07/2024 | Thesis |